书目信息 |
| 题名: |
非皂化体系萃取分离轻稀土元素
|
|
| 作者: | 常宏涛 著 | |
| 分册: | ||
| 出版信息: | 北京 冶金工业出版社 2016 |
|
| 页数: | 116页 | |
| 开本: | 24cm | |
| 丛书名: | ||
| 单 册: | ||
| 中图分类: | TF845.03 | |
| 科图分类: | ||
| 主题词: | 萃取--化工过程--应用--稀土金属--有色金属冶金 , 分离--化工过程--应用--稀土金属--有色金属冶金 | |
| 电子资源: | ||
| ISBN: | 978-7-5024-7340-2 | |
| 000 | 00922nam0 2200241 45 | |
| 001 | 012001001139 | |
| 005 | 20140107142426.0 | |
| 010 | @a978-7-5024-7340-2@dCNY45.00 | |
| 100 | @a20181129d2016 em y0chiy50 ea | |
| 101 | 0 | @achi |
| 102 | @aCN@b110000 | |
| 105 | @ay z 000yy | |
| 106 | @ar | |
| 200 | 1 | @a非皂化体系萃取分离轻稀土元素@Afei zao hua ti xi cui qu fen li qing xi tu yuan su@f常宏涛著 |
| 210 | @a北京@c冶金工业出版社@d2016 | |
| 215 | @a116页@d24cm | |
| 330 | @a本书共分6章。内容包括稀土元素、稀土元素分离方法、稀土溶剂萃取中的新技术、溶剂萃取体系的分类及特点、稀土萃取分离现状及问题、实验设备、化学试剂、实验方法、分析方法等。 | |
| 606 | 0 | @a萃取@x化工过程@x应用@x稀土金属@x有色金属冶金 |
| 606 | 0 | @a分离@x化工过程@x应用@x稀土金属@x有色金属冶金 |
| 690 | @aTF845.03@v5 | |
| 701 | 0 | @a常宏涛@Achang hong tao@c(女,@f1978~)@4著 |
| 801 | 0 | @aCN@b北京卓展@c20191020 |
| 905 | @b1201497-9@dTF845.03@e52@f3 | |
| 非皂化体系萃取分离轻稀土元素/常宏涛著.-北京:冶金工业出版社,2016 |
| 116页;24cm |
| ISBN 978-7-5024-7340-2:CNY45.00 |
| 本书共分6章。内容包括稀土元素、稀土元素分离方法、稀土溶剂萃取中的新技术、溶剂萃取体系的分类及特点、稀土萃取分离现状及问题、实验设备、化学试剂、实验方法、分析方法等。 |
| ● |
| 相关链接 |
|
|
|
|
正题名:非皂化体系萃取分离轻稀土元素
索取号:TF845.03/52
 
预约/预借
| 序号 | 登录号 | 条形码 | 馆藏地/架位号 | 状态 | 备注 |
| 1 | 1201497 | 212014979 | 第二样本阅览室/ [索取号:TF845.03/52] | 在馆 | |
| 2 | 1201498 | 212014988 | 第三借阅区/ [索取号:TF845.03/52] | 在馆 | |
| 3 | 1201499 | 212014997 | 第三借阅区/ [索取号:TF845.03/52] | 在馆 |